| 000 | 00903cab a2200277 4500 | ||
|---|---|---|---|
| 001 | ABS56887 | ||
| 008 | 090401t1997 xxu||||| |||| 00| 0 eng d | ||
| 035 | _a(Sirsi) u77880 | ||
| 041 | _aeng | ||
| 100 | _aHoward, L. | ||
| 245 | _aAppraising in an unnamed foreign country | ||
| 260 | _c1997 | ||
| 350 | _a0 | ||
| 490 |
_aCanadian Appraiser _v41(1) Spring 1997, 29-33(5) |
||
| 520 | _aOutlines the experiences of a consultant to a foreign government in the former USSR. The author, who was responsible for real estate valuation, was part of a three-person consulting team dealing with privatisation. | ||
| 650 | _aEASTERN EUROPE | ||
| 650 | _aFORMER SOVIET UNION | ||
| 650 | _aMARKET RENTS | ||
| 650 | _aPRIVATISATION | ||
| 650 | _aREAL ESTATE VALUATION | ||
| 650 | _aUSSR | ||
| 650 |
_aValuation _96273 |
||
| 690 | _aOVERSEAS-REST OF THE WORLD | ||
| 942 | _n0 | ||
| 948 | _c23/04/1997 | ||
| 999 |
_c48967 _d48967 |
||